000 00561nam a2200229Ia 4500
003 OSt
005 20221005133450.0
006 a|||||r|||| 00| 0
007 ta
008 221004b |||||||| |||| 00| 0 tam d
024 _a52605
037 _cTextual
040 _aCRL
_cCRL
_btam
041 _2tam
_atam
082 _aY73(P31):1.J, 31L3
100 _aNagaswami
_9642468
245 0 _aYaavarum kelir
260 _c1973
650 _aSOCIOLOGY
942 _hY73(P31):1.J, 31L3
_cTEXL
_2cc
999 _c1066910
_d1066910